000 02627nam0a2200385 4500
001 RU\NLR\bibl\1509033
005 20260407224647.0
021 _aRU
_b2010-23958
_91606
035 _a(nilc)RSL-KNO-004625051
035 _a(NLR Aleph) 001500439
090 _a1794320
_c1794320
100 _a20100407d2010 |||y0rusy50 ca
101 0 _arus
102 _aRU
105 _aa zzzz|||||
200 1 _aПресс портфолио'2010
_eаналитический сборник
_e[9] всероссийский конкурс школьных изданий ["Больше изданий хороших и разных"
_eна базе московского Культурологического лицея № 1310]
210 _aМосква
_cЛицейское и гимназическое образование
_d2010
215 _a63 с.
_cил., портр.
_d30
606 1 _aПериодические издания школьные
_xКонкурсы
_92599745
_3RU\NLR\auth\661536303
610 0 _aКультура. Наука. Просвещение -- Печать -- Периодическая печать -- Российская Федерация -- Многотиражные газеты учебных заведений -- Информационные материалы
610 0 _aКультура. Наука. Просвещение -- Народное образование. Педагогические науки -- Общеобразовательная школа. Школьная педагогика -- Школьная педагогика -- Российская Федерация -- Воспитание -- Внеучебная работа -- Методы, формы и средства внеучебной работы -- Массовая работа с газетой и журналом -- Информационные материалы
610 0 _aшкольная пресса
610 0 _aшкольная пресс-служба
686 _aЧ612.4(2Р)714.17я46
_2rubbk
686 _aЧ421,6(2)382.23я46
_2rubbk
686 _aЧ421.382.233
711 1 2 _a"Больше изданий хороших и разных", всероссийский конкурс школьных изданий
_d9
_f2010
_eМосква
_3RU\NLR\AUTH\8810152998
_9801126
712 0 2 _4570
_aМосковский культурологический лицей
_c1310
_3RU\NLR\AUTH\889920930
_9338029
801 0 _aRU
_bРГБ
_c20100407
_grcr
801 1 _aRU
_bРГБ
_c20100407
801 2 _aRU
_bNLR
_c20100510
_grcr
942 _cBOOK
980 _aNB